00419nam a22001217a 4500003000400000082001200004100002900016245010400045260000900149942001200158952011000170999001700280SGT a150,YOG aYogita Solanki-211001002 aConstruction and Validation of the Psychological Well Being Scale for the Secondary School Students c2021 2ddccTH 00102ddc40718FEaFEbFEcDISPLAYd2025-01-27l0o150,YOGpEDMd01r2025-01-27 00:00:00w2025-01-27yTH c29388d29388